[Event "5. Kaltern-Trophy 2022 Open A"]
[Site "Kaltern"]
[Date "2022.10.21"]
[Round "1.1"]
[White "Barp, Alberto"]
[Black "Buglisi, Massimo"]
[Result "1-0"]
[WhiteElo "2413"]
[BlackElo "1943"]
[PlyCount "45"]
[EventDate "2022.10.21"]

1. d4 c5 2. d5 Nf6 3. c4 b5 4. cxb5 a6 5. bxa6 g6 6. Nc3 Bg7 7. e4 O-O 8. e5 Ne8 9. h4 d6 10. e6 fxe6 11. h5 Nf6 12. hxg6 hxg6 13. Bd3 exd5 14. Bxg6 Bg4 15. Qd3 e6 16. Bg5 Bf5 17. Bxf5 exf5 18. Bxf6 Re8+ 19. Kf1 Qxf6 20. Qxd5+ Qe6 21. Re1 Qxd5 22. Rxe8+ Kf7 23. Nxd5 1-0

[Event "5. Kaltern-Trophy 2022 Open A"]
[Site "Kaltern"]
[Date "2022.10.21"]
[Round "1.2"]
[White "Scharrer, Udo"]
[Black "Schneider-Zinner, Harald"]
[Result "0-1"]
[WhiteElo "1942"]
[BlackElo "2361"]
[PlyCount "86"]
[EventDate "2022.10.21"]

1. d4 Nf6 2. c4 b6 3. f3 d6 4. e4 Nbd7 5. Bd3 e5 6. Ne2 Be7 7. O-O O-O 8. Be3 Re8 9. Nbc3 a6 10. Qd2 Bb7 11. Nd5 Bf8 12. Rac1 c6 13. Ndc3 b5 14. d5 bxc4 15. Bxc4 Nb6 16. Bb3 cxd5 17. Nxd5 Nfxd5 18. exd5 a5 19. a3 Ba6 20. Rfe1 Bb5 21. Nc3 Bd7 22. f4 exf4 23. Bxf4 Rxe1+ 24. Rxe1 Rb8 25. Ba2 Qc7 26. Qd4 Nc8 27. b4 axb4 28. axb4 Ne7 29. Rb1 Nf5 30. Qd2 Rxb4 31. Rxb4 Qc5+ 32. Rd4 Nxd4 33. Kh1 Nf5 34. g4 Nh4 35. h3 Ng6 36. Bg3 Bc8 37. Ne4 Qa3 38. Kg2 Bb7 39. Bc4 h6 40. Kh2 Ne5 41. Bxe5 dxe5 42. Qf2 Qc1 43. d6 Qxc4 0-1

[Event "5. Kaltern-Trophy 2022 Open A"]
[Site "Kaltern"]
[Date "2022.10.21"]
[Round "1.3"]
[White "Mueller, Ralf"]
[Black "Zuev, Mikhail"]
[Result "1-0"]
[WhiteElo "2342"]
[BlackElo "1940"]
[PlyCount "73"]
[EventDate "2022.10.21"]

1. d4 d5 2. c4 c6 3. Nc3 Nf6 4. cxd5 cxd5 5. Bf4 e6 6. e3 Bb4 7. Rc1 Nc6 8. Bd3 O-O 9. a3 Bd6 10. Bxd6 Qxd6 11. f4 Bd7 12. Nf3 h6 13. Ne5 Ne8 14. O-O Nxe5 15. fxe5 Qe7 16. Qb3 b6 17. Rf3 Rc8 18. Rcf1 f5 19. Bxf5 exf5 20. Nxd5 Qe6 21. Ne7+ Kf7 22. Qxe6+ Kxe6 23. Ng6 Rg8 24. Rxf5 Bb5 25. d5+ Kd7 26. Rf7+ Kd8 27. Nf4 Rc2 28. Rd1 Bc4 29. Rxa7 g5 30. Ne6+ Kc8 31. Rh7 h5 32. e4 Be2 33. d6 Bb5 34. d7+ Bxd7 35. Rhxd7 Rc6 36. Rd8+ Kb7 37. R1d7+ 1-0

[Event "5. Kaltern-Trophy 2022 Open A"]
[Site "Kaltern"]
[Date "2022.10.21"]
[Round "1.4"]
[White "Kezic, Andreas"]
[Black "Loiacono, Leonardo"]
[Result "0-1"]
[WhiteElo "1922"]
[BlackElo "2257"]
[PlyCount "80"]
[EventDate "2022.10.21"]

1. e4 g6 2. d4 Bg7 3. f4 d6 4. Nf3 Nf6 5. Bd3 c5 6. c3 cxd4 7. cxd4 O-O 8. O-O Nc6 9. d5 Nb4 10. Nc3 Nxd3 11. Qxd3 Bd7 12. Be3 b5 13. b4 a5 14. a3 axb4 15. axb4 Rxa1 16. Rxa1 Nxe4 17. Bd4 Bxd4+ 18. Nxd4 Nf6 19. Ndxb5 Qb8 20. Ra2 Rc8 21. h3 Nh5 22. g3 Bxh3 23. Na7 Qb6+ 24. Kh2 Ra8 25. Kxh3 Rxa7 26. Rxa7 Qxa7 27. b5 Qg1 28. Qf3 Nf6 29. Na4 Qa1 30. Nc3 Nd7 31. Kh2 Qb2+ 32. Kh3 Qc1 33. Kh2 Qd2+ 34. Kh3 h5 35. Na4 Qb4 36. Nc3 Qd4 37. Kh2 Nf6 38. Kg2 Qd2+ 39. Kh3 Ng4 40. Ne2 Qb2 0-1

[Event "5. Kaltern-Trophy 2022 Open A"]
[Site "Kaltern"]
[Date "2022.10.21"]
[Round "1.5"]
[White "Kranzl, Julian"]
[Black "Budyi, Danylo"]
[Result "1-0"]
[WhiteElo "2238"]
[BlackElo "1912"]
[PlyCount "119"]
[EventDate "2022.10.21"]

1. Nf3 d5 2. g3 Nf6 3. Bg2 c6 4. O-O e6 5. d4 Bd6 6. c4 Nbd7 7. Nfd2 O-O 8. Nc3 h6 9. e4 dxe4 10. Ndxe4 Be7 11. Bf4 Nxe4 12. Nxe4 Nf6 13. Nc3 Bd6 14. Be5 Qc7 15. Qe2 Rd8 16. Rad1 b6 17. Nb5 cxb5 18. Bxa8 bxc4 19. Bg2 Nd5 20. Rfe1 Bxe5 21. dxe5 b5 22. a3 Bb7 23. Rd4 a6 24. h4 Rc8 25. Kh2 c3 26. Rc1 Qc5 27. Rdd1 b4 28. axb4 Qxb4 29. Bxd5 Bxd5 30. Rxc3 Rxc3 31. bxc3 Qxc3 32. Qe3 Qxe3 33. fxe3 h5 34. Rd4 Bc6 35. Rc4 Bb5 36. Rc7 Bd3 37. Kg1 Be4 38. Ra7 Bd3 39. Kf2 Bc4 40. Kf3 Bd3 41. Kf4 g6 42. e4 Kg7 43. Ra8 Bc4 44. Ke3 Bb5 45. Kd4 Be2 46. Kc5 Bf3 47. Rxa6 Bxe4 48. Ra4 Bf5 49. Kd6 g5 50. hxg5 Kg6 51. Ke7 Kg7 52. Rf4 Kg6 53. Kf8 Kxg5 54. Kxf7 Bh3 55. Rf6 Kg4 56. Rh6 Kxg3 57. Rxh5 Bf5 58. Kf6 Kg4 59. Rg5+ Kf4 60. Rxf5+ 1-0

[Event "5. Kaltern-Trophy 2022 Open A"]
[Site "Kaltern"]
[Date "2022.10.21"]
[Round "1.6"]
[White "Luebke, Florentin"]
[Black "Teutsch, Alexander"]
[Result "0-1"]
[WhiteElo "1910"]
[BlackElo "2189"]
[PlyCount "68"]
[EventDate "2022.10.21"]

1. e4 d5 2. exd5 Nf6 3. d4 Bg4 4. Bb5+ Nbd7 5. f3 Bf5 6. c4 e6 7. dxe6 Bxe6 8. d5 Bf5 9. Be3 Bb4+ 10. Nc3 Qe7 11. Qd2 O-O 12. Nge2 Ne5 13. O-O a6 14. Ng3 Bc8 15. d6 cxd6 16. Bg5 axb5 17. Nd5 Nxd5 18. Bxe7 Bxd2 19. cxd5 Re8 20. Bxd6 Nc4 21. Bc5 Bd7 22. b3 Be3+ 23. Bxe3 Nxe3 24. Rf2 Nxd5 25. Rd1 Bc6 26. Ne4 b4 27. Nd6 Nc3 28. Nxe8 Nxd1 29. Rd2 Nc3 30. Nc7 Rc8 31. Kf2 Kf8 32. Rd4 Rxc7 33. Rxb4 Nxa2 34. Rc4 b5 0-1

[Event "5. Kaltern-Trophy 2022 Open A"]
[Site "Kaltern"]
[Date "2022.10.21"]
[Round "1.7"]
[White "Olivetti, Davide"]
[Black "Capraro, Fabio"]
[Result "1-0"]
[WhiteElo "2144"]
[BlackElo "1908"]
[PlyCount "57"]
[EventDate "2022.10.21"]

1. e4 c5 2. Nf3 a6 3. g3 Nc6 4. Bg2 d6 5. O-O g6 6. d4 Bg4 7. dxc5 dxc5 8. Qxd8+ Rxd8 9. h3 Bxf3 10. Bxf3 Bg7 11. Nc3 Nf6 12. e5 Nxe5 13. Bxb7 O-O 14. Bxa6 Nf3+ 15. Kg2 Nd4 16. Bd3 c4 17. Bxc4 Nxc2 18. Rb1 Rc8 19. Bd3 Nb4 20. Be2 Rfd8 21. Rd1 Nfd5 22. Nxd5 Nxd5 23. a4 Rc2 24. Bd3 Rc5 25. Be4 f5 26. b4 Rxc1 27. Bxd5+ Rxd5 28. Rbxc1 Rd8 29. Rb1 1-0

[Event "5. Kaltern-Trophy 2022 Open A"]
[Site "Kaltern"]
[Date "2022.10.21"]
[Round "1.8"]
[White "Haller, Quentin"]
[Black "Kaserer, Hans-Peter"]
[Result "1/2-1/2"]
[WhiteElo "2095"]
[BlackElo "1897"]
[PlyCount "74"]
[EventDate "2022.10.21"]

1. Nf3 Nf6 2. d4 d5 3. g3 e6 4. Bg2 c5 5. e3 cxd4 6. exd4 Bd6 7. O-O O-O 8. Nbd2 Qc7 9. b3 b5 10. c4 bxc4 11. bxc4 dxc4 12. Ne5 Bb7 13. Bxb7 Qxb7 14. Ndxc4 Be7 15. Be3 Nbd7 16. Qa4 Qd5 17. Rab1 Nb6 18. Qa6 Nxc4 19. Nxc4 Rfc8 20. Ne5 Qe4 21. Rfc1 Rxc1+ 22. Rxc1 Qd5 23. Rc7 Rb8 24. f3 Qd8 25. Rb7 Qc8 26. Rxb8 Qxb8 27. Nc6 Qb1+ 28. Kg2 Bf8 29. Bf2 Qb6 30. Qc8 Nd5 31. Ne5 Qb2 32. Nd7 Qa3 33. f4 a5 34. Ne5 Qd6 35. Nc4 Qb4 36. a3 Qc3 37. a4 Qc2 1/2-1/2

[Event "5. Kaltern-Trophy 2022 Open A"]
[Site "?"]
[Date "2022.10.21"]
[Round "1.9"]
[White "Niederstaetter, Harald"]
[Black "Bernardi, Ruben"]
[Result "0-1"]
[WhiteElo "1904"]
[BlackElo "2102"]
[PlyCount "118"]
[EventDate "2022.??.??"]

1. d4 e6 2. Bf4 d5 3. e3 Nf6 4. Nd2 Bd6 5. Ngf3 c5 6. Ne5 Nc6 7. c3 cxd4 8. exd4 Bxe5 9. dxe5 Nd7 10. Bb5 O-O 11. Nf3 f6 12. exf6 Qxf6 13. Bd6 Rf7 14. O-O Nde5 15. Nxe5 Nxe5 16. Qe2 Ng6 17. Be8 e5 18. Bxf7+ Kxf7 19. Bc5 Nf4 20. Qd1 Qg6 21. g3 Bf5 22. f3 Nd3 23. Qb3 Qc6 24. Be3 Kg8 25. Rad1 Bg6 26. Rd2 Kh8 27. f4 e4 28. f5 Bf7 29. Bd4 b6 30. Qa3 Nc5 31. b4 Nd3 32. b5 Qxb5 33. Qe7 Qe8 34. Qg5 Qf8 35. h4 Kg8 36. h5 h6 37. Qg4 Re8 38. f6 Ne5 39. Bxe5 Rxe5 40. Rf5 Rxf5 41. Qxf5 Qc5+ 42. Rd4 Qxc3 43. Rxd5 Qxg3+ 44. Kf1 gxf6 45. Rd8+ Kg7 46. Rd7 Qg5 47. Rxf7+ Kxf7 48. Qd7+ Kg8 49. Qe8+ Kh7 50. Qe7+ Qg7 51. Qxe4+ f5 52. Qxf5+ Kg8 53. Qc8+ Qf8+ 54. Qxf8+ Kxf8 55. Ke2 Kf7 56. Ke3 Ke6 57. Ke4 Kf6 58. Kf4 b5 59. a3 a5 0-1

[Event "5. Kaltern-Trophy 2022 Open A"]
[Site "Kaltern"]
[Date "2022.10.21"]
[Round "1.10"]
[White "Linder, Oliver"]
[Black "Lami, Damiano"]
[Result "1/2-1/2"]
[WhiteElo "1870"]
[BlackElo "2074"]
[PlyCount "129"]
[EventDate "2022.10.21"]

1. d4 d5 2. Nc3 Nf6 3. Bf4 c5 4. e3 e6 5. Nb5 Na6 6. c3 Be7 7. Nf3 Nh5 8. Bg3 Nxg3 9. hxg3 Qb6 10. a4 c4 11. b3 Nb8 12. bxc4 dxc4 13. Qb1 a6 14. Na3 Qb3 15. Qxb3 cxb3 16. Nc4 Nc6 17. Nfd2 Rb8 18. a5 b5 19. axb6 b2 20. Rb1 O-O 21. Rxb2 Rd8 22. Bd3 g6 23. Ke2 e5 24. Nxe5 Nxe5 25. dxe5 Bb7 26. Ra1 f6 27. Bxa6 Bxg2 28. Bc4+ Kh8 29. Ra7 Bc5 30. exf6 Bxb6 31. Ra6 Bc7 32. Rxb8 Rxb8 33. Re6 Bh3 34. Rc6 Be5 35. Be6 Bg2 36. Rc8+ Rxc8 37. Bxc8 Bxc3 38. f7 Kg7 39. Be6 Bb4 40. Nb3 Bb7 41. Nd4 Ba6+ 42. Kf3 Bb7+ 43. Ke2 h5 44. Nc2 Ba5 45. f4 Be4 46. Nd4 Bb4 47. Nf3 Bxf3+ 48. Kxf3 Kf6 49. Bb3 Ba3 50. e4 Ke7 51. Kg2 Bc1 52. Kf3 g5 53. e5 gxf4 54. gxf4 Bb2 55. Ke4 h4 56. f5 h3 57. f6+ Kf8 58. Kf5 h2 59. Bd5 h1=Q 60. Bxh1 Ba1 61. Bc6 Bb2 62. Ke6 Ba1 63. Kf5 Bb2 64. e6 Bxf6 65. Kxf6 1/2-1/2

[Event "5. Kaltern-Trophy 2022 Open A"]
[Site "Kaltern"]
[Date "2022.10.21"]
[Round "1.12"]
[White "Maglioni, Leonardo"]
[Black "Ritzka, Simon"]
[Result "1/2-1/2"]
[WhiteElo "1822"]
[BlackElo "2041"]
[PlyCount "86"]
[EventDate "2022.10.21"]

1. b4 e5 2. Bb2 d6 3. e3 Nf6 4. c4 Be7 5. Nc3 O-O 6. Nf3 Bf5 7. Be2 Re8 8. d4 exd4 9. Nxd4 Bg6 10. O-O d5 11. Qb3 Nc6 12. Nxd5 Nxd5 13. cxd5 Nxb4 14. Bc4 c5 15. dxc6 Nxc6 16. Bb5 Nxd4 17. Bxd4 Rf8 18. Qb2 Bf6 19. Bxf6 Qxf6 20. Qxf6 gxf6 21. Rac1 a6 22. Bc4 Rfd8 23. Rfd1 Be4 24. f3 Bc6 25. Rxd8+ Rxd8 26. Bxa6 Bxf3 27. gxf3 bxa6 28. Rc2 Kg7 29. Kf2 Rd5 30. Ke2 Ra5 31. Kd3 f5 32. f4 Ra3+ 33. Ke2 Kg6 34. Kf3 a5 35. Rg2+ Kf6 36. Rb2 h6 37. Rb6+ Kg7 38. Rb2 Kg6 39. Rb6+ f6 40. Rb2 Kh5 41. Rc2 Kg6 42. Rg2+ Kf7 43. Rb2 Kg6 1/2-1/2

[Event "5. Kaltern-Trophy 2022 Open A"]
[Site "Kaltern"]
[Date "2022.10.21"]
[Round "1.13"]
[White "Bevilacqua, Maurizio"]
[Black "Bisaro, Andrea"]
[Result "1-0"]
[WhiteElo "2032"]
[BlackElo "1819"]
[PlyCount "76"]
[EventDate "2022.10.21"]

1. c4 Nf6 2. Nc3 e6 3. d4 d5 4. Nf3 Nbd7 5. e3 c6 6. Qc2 Be7 7. g4 dxc4 8. Bxc4 Nb6 9. Bb3 a5 10. a3 g6 11. g5 Nfd5 12. e4 Nxc3 13. Qxc3 a4 14. Ba2 O-O 15. Be3 Nd7 16. h4 Qa5 17. Bd2 Qxc3 18. Bxc3 Re8 19. O-O-O Bf8 20. h5 Bg7 21. Ne5 Nxe5 22. dxe5 c5 23. Bc4 b6 24. Bb5 Re7 25. Rd8+ Bf8 26. Bc6 Rb8 27. h6 Rc7 28. Bb5 Ra8 29. Rhd1 Bb7 30. f3 Rxd8 31. Rxd8 Rc8 32. Rd7 Rb8 33. Kc2 Ba8 34. Kd3 Bb7 35. Kc4 Bc8 36. Rd8 Ra8 37. Bd2 f6 38. exf6 Kf7 1-0

[Event "5. Kaltern-Trophy 2022 Open A"]
[Site "Kaltern"]
[Date "2022.10.21"]
[Round "1.14"]
[White "Grundhammer, Gerhard"]
[Black "Thurner, Markus"]
[Result "0-1"]
[WhiteElo "1811"]
[BlackElo "2026"]
[PlyCount "96"]
[EventDate "2022.10.21"]

1. d4 e6 2. e3 f5 3. f4 Nf6 4. Nf3 Be7 5. Bd3 b6 6. Qe2 Bb7 7. O-O O-O 8. Bd2 Qe8 9. Be1 Bxf3 10. Qxf3 d5 11. Nd2 Ne4 12. Qe2 c5 13. Nf3 Nc6 14. c3 c4 15. Bc2 b5 16. Ne5 a5 17. Kh1 Nxe5 18. fxe5 Qg6 19. Kg1 b4 20. Bxe4 fxe4 21. Bd2 h6 22. Rxf8+ Rxf8 23. Rf1 Rb8 24. Ra1 Kh7 25. Qe1 Qg4 26. h3 Qh5 27. Kh2 Kg8 28. Kg1 Bh4 29. Qd1 Qxd1+ 30. Rxd1 b3 31. a3 a4 32. Be1 Be7 33. Ra1 g5 34. Bf2 Kg7 35. Bg3 Rf8 36. Bf2 Kg6 37. Bg3 h5 38. Bf2 h4 39. Be1 Kh5 40. Bf2 Rf7 41. Be1 g4 42. hxg4+ Kxg4 43. Bf2 Bg5 44. Rf1 Rf5 45. Re1 Rf8 46. Rf1 h3 47. gxh3+ Kxh3 48. Re1 Rxf2 0-1

[Event "5. Kaltern-Trophy 2022 Open A"]
[Site "Kaltern"]
[Date "2022.10.21"]
[Round "1.15"]
[White "Dietiker, Manuel"]
[Black "Heyne, Regina"]
[Result "1-0"]
[WhiteElo "2021"]
[BlackElo "1792"]
[PlyCount "55"]
[EventDate "2022.10.21"]

1. e4 e6 2. d4 d5 3. Bd3 dxe4 4. Bxe4 Nf6 5. Bf3 Be7 6. Ne2 O-O 7. O-O c5 8. c3 Qc7 9. Bg5 Rd8 10. Nd2 Nd5 11. Bxe7 Qxe7 12. Re1 Qc7 13. c4 Nb6 14. d5 exd5 15. cxd5 Nxd5 16. Bxd5 Rxd5 17. Nc3 Rd8 18. Nd5 Qd7 19. Nc4 h6 20. Re7 Qxd5 21. Re8+ Kh7 22. Rxd8 Qc6 23. Qd3+ g6 24. Qc3 f6 25. Re1 h5 26. Re7+ Kh6 27. Qe3+ g5 28. Rd6 1-0

[Event "5. Kaltern-Trophy 2022 Open A"]
[Site "Kaltern"]
[Date "2022.10.21"]
[Round "1.16"]
[White "Vincenti, Leonardo"]
[Black "Nicolodi, Raoul"]
[Result "0-1"]
[WhiteElo "1763"]
[BlackElo "2021"]
[PlyCount "71"]
[EventDate "2022.10.21"]

1. e4 e6 2. d4 d5 3. Nd2 Nf6 4. e5 Nfd7 5. Bd3 c5 6. c3 Nc6 7. Ne2 cxd4 8. cxd4 f6 9. Nf4 Nxd4 10. Qh5+ Ke7 11. exf6+ Nxf6 12. Ng6+ hxg6 13. Qxh8 Kf7 14. O-O e5 15. f3 Nc2 16. Qh4 Nxa1 17. Qg5 Bf5 18. Bxf5 gxf5 19. Qxf5 Qc8 20. Qxe5 Qc5+ 21. Kh1 Bd6 22. Qf5 Qc2 23. Qh3 Bb4 24. Nb3 Nxb3 25. axb3 Bd2 26. Bxd2 Qxd2 27. g4 Qf4 28. Rg1 g5 29. Qg2 Re8 30. h4 Rh8 31. Re1 Rxh4+ 32. Kg1 Nxg4 33. fxg4 Rxg4 34. Rf1 Rxg2+ 35. Kxg2 Qxf1+ 36. Kxf1 0-1

[Event "5. Kaltern-Trophy 2022 Open A"]
[Site "Kaltern"]
[Date "2022.10.22"]
[Round "1.17"]
[White "Vincenzi, Marco"]
[Black "Pigato, Alex"]
[Result "1-0"]
[WhiteElo "2001"]
[BlackElo "1762"]
[PlyCount "77"]
[EventDate "2022.10.21"]

1. e4 c5 2. Nf3 d6 3. Bb5+ Bd7 4. Bxd7+ Qxd7 5. c4 Nc6 6. d4 cxd4 7. Nxd4 Nf6 8. Nc3 g6 9. O-O Bg7 10. Nc2 O-O 11. Bg5 Rac8 12. Qd2 Ne5 13. b3 Rfd8 14. Rad1 Qe8 15. Rfe1 a6 16. h3 Ned7 17. Nb4 h5 18. Nbd5 e6 19. Nxf6+ Bxf6 20. Bxf6 Nxf6 21. Qf4 Qe7 22. Re3 Ne8 23. Red3 Kg7 24. Qg3 Rd7 25. f4 Rdc7 26. Kh2 Kh7 27. e5 dxe5 28. fxe5 Ng7 29. Ne4 Nf5 30. Qf4 b5 31. c5 Rxc5 32. Rd7 Qf8 33. Nxc5 Rxc5 34. Qg5 Rc8 35. Qf6 Nh6 36. Rd8 Rxd8 37. Rxd8 Qg7 38. Qxg7+ Kxg7 39. Ra8 1-0

[Event "5. Kaltern-Trophy 2022 Open A"]
[Site "Kaltern"]
[Date "2022.10.21"]
[Round "1.18"]
[White "Tellarini, Lorenzo"]
[Black "Frescura, Davide"]
[Result "0-1"]
[WhiteElo "1750"]
[BlackElo "1953"]
[PlyCount "50"]
[EventDate "2022.10.21"]

1. e4 c5 2. Nf3 d6 3. d4 cxd4 4. Nxd4 Nf6 5. Nc3 a6 6. Bg5 e6 7. f4 Be7 8. Qf3 Qc7 9. O-O-O Nbd7 10. Bd3 h6 11. Bh4 g5 12. fxg5 Ne5 13. Qe2 Nfg4 14. Nf3 hxg5 15. Bxg5 Bxg5+ 16. Nxg5 Qc5 17. Nh3 b5 18. Rdf1 Bd7 19. Kb1 Rc8 20. Ng5 b4 21. Bxa6 bxc3 22. bxc3 Rb8+ 23. Kc1 Qxc3 24. Nxf7 Nxf7 25. Qxg4 Qe3+ 0-1

[Event "5. Kaltern-Trophy 2022 Open A"]
[Site "Kaltern"]
[Date "2022.10.22"]
[Round "2.1"]
[White "Schneider-Zinner, Harald"]
[Black "Bodrov, Timofey"]
[Result "1/2-1/2"]
[WhiteElo "2361"]
[BlackElo "2050"]
[PlyCount "74"]
[EventDate "2022.10.21"]

1. Nf3 Nf6 2. b3 g6 3. Bb2 Bg7 4. g3 O-O 5. Bg2 d5 6. c4 c6 7. O-O Bg4 8. d4 Nbd7 9. h3 Bxf3 10. Bxf3 Ne4 11. Nc3 Nxc3 12. Bxc3 Nf6 13. Qd3 Qd7 14. Kg2 Rfd8 15. Rac1 e6 16. Rfd1 Qe7 17. b4 a6 18. a4 Ne8 19. c5 f5 20. b5 axb5 21. axb5 Ra3 22. Ra1 Rda8 23. Rxa3 Rxa3 24. Qc2 Nc7 25. Bb2 Ra5 26. bxc6 bxc6 27. Bc3 Ra3 28. e3 Qe8 29. Be2 Qa8 30. Rb1 Ra2 31. Rb2 Rxb2 32. Qxb2 Bf6 33. Qb6 Bd8 34. Qb3 Kf7 35. h4 Ne8 36. Bd1 Ke7 37. Bc2 Nf6 1/2-1/2

[Event "5. Kaltern-Trophy 2022 Open A"]
[Site "Kaltern"]
[Date "2022.10.22"]
[Round "2.2"]
[White "Thurner, Markus"]
[Black "Mueller, Ralf"]
[Result "0-1"]
[WhiteElo "2026"]
[BlackElo "2342"]
[PlyCount "110"]
[EventDate "2022.10.21"]

1. f4 g6 2. Nf3 Bg7 3. e4 c5 4. Nc3 Nc6 5. Bc4 e6 6. Qe2 Nge7 7. O-O O-O 8. d3 d5 9. Bb3 Nd4 10. Nxd4 cxd4 11. Nd1 dxe4 12. dxe4 Qb6 13. Nf2 Bd7 14. Nd3 Nc6 15. Bd2 Na5 16. Bxa5 Qxa5 17. Rad1 Rac8 18. Qd2 Qxd2 19. Rxd2 Bb5 20. a4 Bc4 21. Rfd1 f6 22. Bxc4 Rxc4 23. b3 Rc3 24. Re2 Rfc8 25. Ne1 Bh6 26. Rxd4 Bxf4 27. Rd7 R8c7 28. Rxc7 Bxc7 29. Nd3 Kf7 30. Kf2 f5 31. exf5 gxf5 32. h3 Kf6 33. Rd2 h5 34. Ke2 Bd6 35. Kd1 Rc6 36. c4 e5 37. Nc1 e4 38. Na2 Bf4 39. Rd7 Rd6+ 40. Rxd6+ Bxd6 41. Ke2 Ke5 42. Nc3 a6 43. Nd5 b5 44. axb5 axb5 45. Ne3 Bc5 46. Nc2 bxc4 47. bxc4 h4 48. Kd2 Kf4 49. Ke2 Kg3 50. Kf1 f4 51. Ne1 Bb6 52. Nc2 f3 53. gxf3 Kxh3 54. fxe4 Kg3 55. Ne1 h3 0-1

[Event "5. Kaltern-Trophy 2022 Open A"]
[Site "Kaltern"]
[Date "2022.10.22"]
[Round "2.3"]
[White "Loiacono, Leonardo"]
[Black "Bevilacqua, Maurizio"]
[Result "1-0"]
[WhiteElo "2257"]
[BlackElo "2032"]
[PlyCount "103"]
[EventDate "2022.10.21"]

1. d4 Nf6 2. c4 e6 3. Nc3 Bb4 4. Qc2 d5 5. cxd5 exd5 6. Bg5 O-O 7. e3 Nbd7 8. Bd3 Be7 9. Nge2 Re8 10. Bh4 c6 11. f3 Nf8 12. Bf2 c5 13. Qd2 b6 14. O-O a6 15. dxc5 bxc5 16. Bc2 Rb8 17. Rfd1 Ng6 18. b3 Bb7 19. Rac1 Bd6 20. e4 d4 21. Na4 Qe7 22. Bg3 Ne5 23. Nf4 Bc6 24. Nb2 c4 25. Nxc4 Nxc4 26. bxc4 Bb4 27. Qe2 Rbd8 28. Qf1 Bc3 29. Rb1 Qc5 30. Kh1 Nh5 31. Nxh5 Qxh5 32. Be1 Qa5 33. Bb3 g6 34. Rbc1 Qb4 35. Qd3 Bxe1 36. Rxe1 Qc5 37. f4 a5 38. Bd1 Rd7 39. Bf3 Rb8 40. e5 Rb2 41. f5 Rf2 42. e6 fxe6 43. fxe6 Re7 44. Rc2 Rxc2 45. Qxc2 Bxf3 46. gxf3 Qa3 47. Qe4 Qd6 48. Qa8+ Kg7 49. Qd5 Qf4 50. c5 Kh6 51. c6 Qd2 52. Qe4 1-0

[Event "5. Kaltern-Trophy 2022 Open A"]
[Site "Kaltern"]
[Date "2022.10.22"]
[Round "2.4"]
[White "Nicolodi, Raoul"]
[Black "Kranzl, Julian"]
[Result "0-1"]
[WhiteElo "2021"]
[BlackElo "2238"]
[PlyCount "84"]
[EventDate "2022.10.21"]

1. Nf3 c5 2. c4 Nf6 3. g3 b6 4. Bg2 Bb7 5. O-O e6 6. Nc3 a6 7. Re1 Be7 8. e4 d6 9. d4 cxd4 10. Nxd4 Qc7 11. Qd3 Nbd7 12. b3 O-O 13. f4 Rfe8 14. Bb2 Rad8 15. Rad1 Bf8 16. Qc2 e5 17. Nf5 b5 18. cxb5 axb5 19. Qd2 b4 20. Nd5 Bxd5 21. exd5 Qa7+ 22. Kh1 Ng4 23. Ne3 Nxe3 24. Rxe3 exf4 25. Rxe8 Rxe8 26. gxf4 Qxa2 27. Bc3 Qxb3 28. Bxb4 Nf6 29. Rc1 Ng4 30. Re1 Ra8 31. Qc3 Ra3 32. Qxb3 Rxb3 33. Ba5 Ne3 34. Bc7 f5 35. Bf3 Kf7 36. Ra1 Be7 37. Kg1 Bf6 38. Ra4 Nc2 39. Be2 Bd4+ 40. Kg2 Bc5 41. Ra8 Ne3+ 42. Kg3 Nxd5+ 0-1

[Event "5. Kaltern-Trophy 2022 Open A"]
[Site "Kaltern"]
[Date "2022.10.22"]
[Round "2.5"]
[White "Teutsch, Alexander"]
[Black "Dietiker, Manuel"]
[Result "1-0"]
[WhiteElo "2189"]
[BlackElo "2021"]
[PlyCount "141"]
[EventDate "2022.10.21"]

1. d4 Nf6 2. c4 e6 3. Nc3 Bb4 4. e3 c5 5. a3 Bxc3+ 6. bxc3 d6 7. Bd3 e5 8. Ne2 O-O 9. O-O Nc6 10. e4 Re8 11. d5 Ne7 12. f4 Ng6 13. f5 Nf8 14. Bg5 h6 15. Bh4 N8h7 16. Ng3 g5 17. fxg6 fxg6 18. Qf3 Kg7 19. Ra2 Rf8 20. Raf2 Bg4 21. Bxf6+ Nxf6 22. Qe3 Qe7 23. h3 Bd7 24. Be2 Nh7 25. Rxf8 Rxf8 26. Rxf8 Qxf8 27. Bf3 Ng5 28. h4 Nh7 29. Nf1 Qd8 30. g3 Qa5 31. Qc1 Qa4 32. Ne3 b6 33. Bg4 Nf6 34. Bxd7 Qxd7 35. Qc2 Qh3 36. Nf1 g5 37. hxg5 hxg5 38. Qa4 Nxe4 39. Qxa7+ Kg6 40. Qxb6 Qf5 41. Qb2 Qf3 42. Qc2 Kg7 43. Qg2 Qxg2+ 44. Kxg2 Nxc3 45. Ne3 Kf6 46. Kf2 e4 47. Ng4+ Kf5 48. Nh6+ Ke5 49. Nf7+ Kd4 50. Nxd6 e3+ 51. Ke1 Na4 52. Nf5+ Kxc4 53. Nxe3+ Kb3 54. d6 Nb6 55. Ke2 c4 56. a4 Kxa4 57. Nxc4 Nd7 58. Ke3 Kb5 59. Kd4 Kc6 60. Ne5+ Kxd6 61. Nxd7 Kxd7 62. Ke5 g4 63. Kf5 Ke7 64. Kxg4 Kf6 65. Kh5 Kg7 66. Kg5 Kh7 67. Kf6 Kh6 68. g4 Kh7 69. g5 Kg8 70. Kg6 Kh8 71. Kf7 1-0

[Event "5. Kaltern-Trophy 2022 Open A"]
[Site "Kaltern"]
[Date "2022.10.22"]
[Round "2.6"]
[White "Frescura, Davide"]
[Black "Olivetti, Davide"]
[Result "0-1"]
[WhiteElo "1953"]
[BlackElo "2144"]
[PlyCount "138"]
[EventDate "2022.10.21"]

1. e4 c6 2. d4 d5 3. Nd2 dxe4 4. Nxe4 Bf5 5. Ng3 Bg6 6. Nh3 e6 7. Nf4 Bd6 8. c3 Nf6 9. h4 Bxf4 10. Bxf4 h6 11. h5 Bh7 12. Bd3 Bxd3 13. Qxd3 O-O 14. Ne4 Nxe4 15. Qxe4 Qd5 16. Qxd5 cxd5 17. O-O Nc6 18. Rfd1 b5 19. a4 a6 20. Ra3 Rfc8 21. Bd6 Na5 22. axb5 Nc4 23. Bc5 Nxa3 24. b6 Rxc5 25. dxc5 Nc4 26. b7 Rb8 27. c6 Nd6 28. c4 Nxb7 29. cxb7 Rxb7 30. cxd5 Rd7 31. Ra1 Rxd5 32. Rxa6 Rxh5 33. Ra8+ Kh7 34. b4 Rh4 35. Rb8 Rc4 36. Kf1 Rc2 37. b5 h5 38. b6 h4 39. b7 Rb2 40. f4 Kg6 41. Rh8 Rxb7 42. Rxh4 Rb2 43. Rg4+ Kf6 44. Rg5 Rb4 45. g3 Rb2 46. Ke1 Rg2 47. Kf1 Rd2 48. Rc5 Kg6 49. Kg1 f6 50. Rc7 f5 51. Re7 Kf6 52. Re8 Rb2 53. Rf8+ Kg6 54. Rc8 Kh5 55. Rc6 Kg4 56. Rxe6 Kf3 57. Re5 g6 58. Rc5 Kxg3 59. Kf1 Kxf4 60. Rc4+ Kg5 61. Rc5 Kg4 62. Rc6 g5 63. Rg6 f4 64. Rg8 Kh4 65. Rf8 Kg3 66. Rg8 g4 67. Rf8 Kf3 68. Ke1 g3 69. Rg8 g2 0-1

[Event "5. Kaltern-Trophy 2022 Open A"]
[Site "Kaltern"]
[Date "2022.10.22"]
[Round "2.7"]
[White "Lami, Damiano"]
[Black "Vincenzi, Marco"]
[Result "1-0"]
[WhiteElo "2074"]
[BlackElo "2001"]
[PlyCount "105"]
[EventDate "2022.10.21"]

1. e4 e5 2. Nf3 Nc6 3. Nc3 Nf6 4. Bb5 Nd4 5. Bc4 d6 6. Ng5 Ne6 7. d3 Be7 8. O-O O-O 9. Nxe6 Bxe6 10. Bxe6 fxe6 11. d4 exd4 12. Qxd4 d5 13. Rd1 Nxe4 14. Nxe4 dxe4 15. Be3 Qxd4 16. Rxd4 Bc5 17. Rxe4 Bxe3 18. Rxe3 Rad8 19. Re2 Rd6 20. Rae1 Kf7 21. f3 Rfd8 22. Kf2 Rd2 23. Rxd2 Rxd2+ 24. Re2 Rd1 25. Ke3 Ke7 26. Rd2 Re1+ 27. Kf4 b5 28. c3 c5 29. h4 a5 30. a3 Rh1 31. Kg5 Re1 32. g4 Rf1 33. Kf4 Rh1 34. Kg3 Re1 35. h5 Rh1 36. Re2 Rd1 37. Re5 Rd5 38. Kf4 Kd6 39. Rg5 Rxg5 40. Kxg5 Ke5 41. h6 gxh6+ 42. Kxh6 Kf6 43. Kxh7 Kg5 44. Kg7 e5 45. Kf7 Kf4 46. Ke6 Kxf3 47. Kxe5 Kxg4 48. Kd5 b4 49. Kxc5 bxc3 50. bxc3 Kf4 51. Kb5 Ke4 52. Kxa5 Kd3 53. Kb4 1-0

[Event "5. Kaltern-Trophy 2022 Open A"]
[Site "Kaltern"]
[Date "2022.10.22"]
[Round "2.8"]
[White "Ritzka, Simon"]
[Black "Haller, Quentin"]
[Result "1-0"]
[WhiteElo "2041"]
[BlackElo "2095"]
[PlyCount "97"]
[EventDate "2022.10.21"]

1. c4 c6 2. e4 d5 3. cxd5 cxd5 4. exd5 Nf6 5. Nc3 Nxd5 6. Bc4 Nxc3 7. Qf3 e6 8. dxc3 Nc6 9. Bf4 Bc5 10. b4 Bb6 11. a4 O-O 12. Rd1 Qf6 13. Bd6 Re8 14. Qxf6 gxf6 15. Ne2 a5 16. b5 Ne7 17. O-O e5 18. Rd2 Be6 19. Bxe6 fxe6 20. Ba3 Nd5 21. c4 Ne3 22. Rc1 Rad8 23. Rxd8 Rxd8 24. c5 Nc4 25. cxb6 Nxa3 26. f4 Rd2 27. Rc8+ Kf7 28. Rc7+ Ke8 29. Rxb7 Nc4 30. fxe5 fxe5 31. Kf2 Rd7 32. Ra7 Nxb6 33. Rxa5 Ke7 34. Ra6 Nd5 35. a5 Rb7 36. b6 Kd6 37. Ra8 Kc6 38. Ng3 Rf7+ 39. Ke1 Ne3 40. Ne4 Rd7 41. g3 Nc2+ 42. Ke2 Nd4+ 43. Kf2 Nb3 44. Nc3 e4 45. Nxe4 e5 46. a6 Rf7+ 47. Ke3 Na5 48. b7 Nc4+ 49. Ke2 1-0